Biblioteca

El buen pastor : Un mandato para el siglo XXI / Thomas E. Trask, Wayde I. Goodall, Zenas J. Bicket, Compiladores ; Andrés Carrodeguas, Traductor (Registro nro. 36454)

Detalles MARC
000 -LÍDER
Campo fijo de descripción fija 005740000a22001810004500
020 ## - NÚMERO INTERNACIONAL NORMALIZADO PARA LIBROS
Número Internacional Normalizado del libro 0-82971583-5
041 0# - CÓDIGO DE IDIOMA
Código de idioma para texto/pista de sonido o título separado
082 04 - NÚMERO DE CLASIFICACIÓN DECIMAL DEWEY
Número de clasificación G 253 T775b
001 - NÚMERO DE CONTROL
Campo de control 6161
245 10 - TÍTULO
Título del Material El buen pastor : Un mandato para el siglo XXI / Thomas E. Trask, Wayde I. Goodall, Zenas J. Bicket, Compiladores ; Andrés Carrodeguas, Traductor
260 ## - PUBLICACIÓN, DISTRIBUCIÓN, ETC. (PIE DE IMPRENTA)
Lugar de publicación, distribución, etc. Miami, FL., USA : Vida
300 ## - DESCRIPCIÓN FÍSICA
Extensión 541 Pag
336 ## - CONTENT TYPE
Content type term texto
Content type code txt
Source rdacontent
337 ## - MEDIA TYPE
Source rdamedia
Media type term sin mediación
Media type code n
338 ## - CARRIER TYPE
Source rdacarrier
Carrier type term volumen
Carrier type code nc
500 ## - NOTA GENERAL
Nota General Título original : The pentecostal pastor
942 ## - TIPO DE MATERIAL (KOHA)
Tipo de Item KOHA Libros General
Existencias
Estado de Material Estado de Perdido Estado de Dañado No para Préstamo Colección Tomo Biblioteca de Origen Biblioteca Permanente Fecha de Adquisición Total de Préstamos Signatura Topográfica Código de Barras Última vez visto Última vez Préstado Ejemplar/Existencia Fecha de Remplazo Tipo de Material Total de Renovaciones
        Colección General 1 Biblioteca FUSBC Biblioteca FUSBC 28/12/2004 3 G 253 T775b 12183 19/09/2023 05/09/2023 2 26/01/2016 Libros General  
        Colección General 2 Biblioteca FUSBC Biblioteca FUSBC 28/12/2004   G 253 T775b 12186 12/12/2019   2 26/01/2016 Libros General  
        Colección General 2 Biblioteca FUSBC Biblioteca FUSBC 28/12/2004 4 G 253 T775b 12185 03/03/2020 10/09/2018 1 26/01/2016 Libros General 1
        Colección General 1 Biblioteca FUSBC Biblioteca FUSBC 28/12/2004 4 G 253 T775b 12184 03/03/2020 18/10/2017 1 26/01/2016 Libros General  

Biblioteca FUSBC | Teléfono: (57+4) 349 88 10 Ext. 141| WhatsApp (+57) 3005338115 
E-mail: biblioteca@unisbc.edu.co | Calle 76 87-14 Robledo Palenque, Medellín, Colombia

Con tecnología Koha